Loading...
| History - World | 0 | 5 | 1 | 0 | 45 | 56 | 69.40 | 1 | 3 | 17.01 | 33.33 |
| History - European | 0 | 4 | 0 | 1 | 40 | 16 | 62.50 | 2 | 3 | 16.95 | 25.95 |
| History - Other | 0 | 4 | 0 | 1 | 40 | 62 | 83.75 | 0 | 2 | 10.42 | 20.71 |
| History - American | 0 | 4 | 1 | 0 | 35 | 31 | 57.25 | 2 | 3 | 18.91 | 30.00 |
| Geography | 0 | 3 | 0 | 0 | 30 | 84 | 103.67 | 0 | 2 | 3.73 | 29.05 |
| Current Events | 0 | 2 | 0 | 0 | 20 | 101 | 105.00 | 0 | 1 | 1.62 | 9.82 |
| Fine Arts - Other | 0 | 1 | 0 | 0 | 10 | 27 | 27.00 | 1 | 1 | 7.38 | 10.00 |
| Mythology | 0 | 1 | 0 | 0 | 10 | 76 | 76.00 | 0 | 1 | 3.39 | 3.33 |
| Popular Culture | 0 | 1 | 0 | 0 | 10 | 88 | 88.00 | 0 | 1 | 5.45 | 14.29 |
| Religion | 0 | 1 | 0 | 0 | 10 | 79 | 79.00 | 0 | 1 | 2.82 | 6.67 |
| Fine Arts - Classical Music | 0 | 0 | 1 | 0 | -5 | 0.00 | 0 | 0 | 0.00 | 0.00 |